Pays les plus proches du Bénin - Statistiques

Statistiques générales
  • Ce quiz a été pris 136 fois
  • Le résultat moyen est 17 sur 20
Statistiques - réponses
km pays % Correct
0 Niger
97%
0 Nigeria
97%
0 Togo
97%
326 Mali
96%
315 Côte d'Ivoire
95%
43 Ghana
93%
947 Guinée
91%
668 Cameroun
89%
1340 Sénégal
87%
0 Burkina Faso
86%
1261 Congo
85%
969 Gabon
77%
1114 Tchad
77%
997 Liberia
75%
857 Mauritanie
74%
733 Algérie
73%
1291 République Centrafricaine
73%
720 Guinée Équatoriale
68%
1232 Sierra Leone
68%
735 Sao Tomé-et-Principe
62%
Aucun quiz correspondant
Distribution des résultats
% des personnes avec chaque résultat
Percentile par nombre de réponses
Votre historique - résultats
Vous n’avez pas pris ce quiz